000 00454nam a2200157Ia 4500
008 210716s2009 xx 000 0 und d
020 _a9780521132831
041 _aeng
082 _a574.80285 MCLI
100 _aMcloughlin, Ian.
245 _aApplied speech and audio processing: with matlab examples.
_bWith matlab examples.
250 _a1
260 _aNew Delhi
_bCambridge University Press
_c2009
300 _aix,206
650 _aBioinformatics
999 _c194406
_d194406